000 00314nam a2200133Ia 4500
008 190216s9999||||xx |||||||||||||| ||und||
100 _aHarish Srivastava
245 0 _aLotus 1-2-3
250 _a1st Ed.
260 _b"Sterling Information Technologies,"
_c1993
300 _a43
650 _aComputer
942 _cBK
999 _c8412
_d8412